00349 a2200121 450000100060000010000130000624500400001926000260005909000170008594200220010299900190012495200840014318630 aSaeed, A aJaddojehed azadi aur maulana ashraf abKhalid nadeem pubc c13857d13857 aNUST-CAEcMc4288 c253703d253703 001040708NFICaCAEbCAEd2017-04-03l0pCAE13911r2017-04-05w2017-04-05yBK